South Park Characters By Their Last Name - Statistics

General Stats
  • This quiz has been taken 176 times
  • The average score is 18 of 24
Answer Stats
Hint Answer % Correct
cartman eric
99%
mccormick kenny
99%
marsh stan
99%
broflovski kyle
98%
stotch butters
95%
testaburger wendy
93%
black token
89%
tweak tweek
88%
broflovski ike
87%
valmer jimmy
86%
tucker craig
85%
stevens bebe
84%
burch timmy
84%
donovan clyde
82%
marsh shelly
73%
mccormick karen
68%
pirrip pip
64%
turner heidi
61%
mccormick kevin
57%
stoley kevin
57%
thorn damien
32%
white jason
30%
daniels nichole
28%
tucker tricia
24%
No matching quizzes found
Score Distribution
Percent of People with Each Score
Percentile by Number Answered
Your Score History
You have not taken this quiz